Biblioteca y Centro de Documentación

Revista Complutense de educación (Registro nro. 25626)

Detalles MARC
000 -CABECERA
Longitud fija campo de control 01337nas a2200373 c 4500
001 - NÚMERO DE CONTROL
Número de control 25626
003 - IDENTIFICADOR DE NÚMERO DE CONTROL
Identificador del número de control ES-MaCES
005 - FECHA Y HORA DE LA ÚLTIMA TRANSACCIÓN
Fecha y hora de la última transacción 20250410091856.0
007 - PHYSICAL DESCRIPTION FIXED FIELD--GENERAL INFORMAT
Campo fijo de descripción física cr |||||||||||
008 - CAMPO FIJO DE DESCRIPCIÓN FIJA--INFORMACIÓN GENERAL
Códigos de información de longitud fija   970626u1990 sp u| | |spa d
022 1# - ISSN (INTERNATIONAL STANDARD SERIAL NUMBER)
Número Internacional Normalizado para Publicaciones Seriadas 1130-2496
035 ## - NÚMERO DE CONTROL DEL SISTEMA
Número de control del sistema CES19980006073p
Número de control cancelado;no válido 10621
040 ## - FUENTE DE CATALOGACIÓN
Centro catalogador de origen ES-MaCES
Lengua de catalogación spa
Centro transcriptor ES-MaCES
245 00 - MENCIÓN DE TÍTULO
Título Revista Complutense de educación
260 ## - PUBLICACIÓN, DISTRIBUCIÓN, ETC (PIE DE IMPRENTA)
Lugar de publicación, distribución, etc. Madrid (Isaac Peral, s/n., Pabellón de Gobierno, Ciudad Universitaria, 28040)
Nombre del editor, distribuidor, etc. Servicio de Publicaciones, Universidad Complutense
Fecha de publicación, distribución, etc. D.L. 1990-
300 ## - DESCRIPCIÓN FÍSICA
Extensión v.
Dimensiones 24 cm
310 ## - PERIODICIDAD ACTUAL DE LA PUBLICACIÓN
Periodicidad actual Bianual
500 ## - NOTA GENERAL
Nota general Cancelada ed. impresa, continúa ed. electrónica de acceso libre
500 ## - NOTA GENERAL
Nota general Descripción basada en: vol 7, n. 2 (1996)
541 ## - NOTA DE LA FUENTE INMEDIANTE DE ADQUISICIÓN
Forma de adquisición Compra
592 ## - CES. NOTA ESTADO DE LA PUBLICACIÓN
Estado publicación Cancelada
650 #4 - ASIENTO SECUNDARIO DE MATERIA--TÉRMINO DE MATERIA
Término de materia o nombre geográfico como elemento inicial España
9 (RLIN) 26964
650 #4 - ASIENTO SECUNDARIO DE MATERIA--TÉRMINO DE MATERIA
Término de materia o nombre geográfico como elemento inicial enseñanza
9 (RLIN) 27390
650 #4 - ASIENTO SECUNDARIO DE MATERIA--TÉRMINO DE MATERIA
Término de materia o nombre geográfico como elemento inicial investigación pedagógica
9 (RLIN) 27400
650 #4 - ASIENTO SECUNDARIO DE MATERIA--TÉRMINO DE MATERIA
Término de materia o nombre geográfico como elemento inicial educación
9 (RLIN) 27367
653 10 - TÉRMINO DE INDEXACIÓN--NO CONTROLADO
Término no controlado Educación
710 2# - ENCABEZAMIENTO SECUNDARIO--NOMBRE CORPORATIVO
Nombre de entidad o nombre de jurisdicción como elemento inicial Universidad Complutense de Madrid
Término indicativo de función ed.
9 (RLIN) 5227
853 21 - LEYENDAS Y PATRÓN--UNIDAD BIBLIOGRÁFICA BÁSICA
Primer nivel de enumeración vol.
Segundo nivel de enumeración n.
Primer nivel de cronología año
Continuidad en la numeración r
Frecuencia f
856 4# - ACCESO ELECTRÓNICO
Identificador Uniforme del Recurso (URI) <a href="http://revistas.ucm.es/index.php/RCED/issue/archive">http://revistas.ucm.es/index.php/RCED/issue/archive</a>
Texto del enlace texto completo desde vol. 1, n. 1 (1990)
866 #0 - FUENTES TEXTUALES--UNIDAD BIBLIOGRÁFICA BÁSICA
Holdings textuales 1996-2012.
Nota pública Ubicación: DEPÓSITO - 10621
905 ## - CES. DATOS REVISTA
Boletín de sumarios (Sirtex 591$a) Boletín B
Formato P-OL
Kardex
Abreviatura boletín RevisComEdu
Proceso +
942 ## - ELEMENTOS KOHA
Fuente de clasificaión o esquema Clasificación propia del CES
Koha [por defecto] tipo de item Periódicas
Parte de clasificación 4.0.
Existencias
Número de registro Signatura completa Tipo de item de Koha
020782 10621 Periódicas
025040 10621 Periódicas
025041 10621 Periódicas
028423 10621 Periódicas
028540 10621 Periódicas
036589 10621 Periódicas
037473 10621 Periódicas
041204 10621 Periódicas
042199 10621 Periódicas
050559 10621 Periódicas
053760 10621 Periódicas
055561 10621 Periódicas
057505 10621 Periódicas
058977 10621 Periódicas
058978 10621 Periódicas
059848 10621 Periódicas
059849 10621 Periódicas
063431 10621 Periódicas
063781 10621 Periódicas
066317 10621 Periódicas
066726 10621 Periódicas
068301 10621 Periódicas
068961 10621 Periódicas
071075 10621 Periódicas
071076 10621 Periódicas
074163 10621 Periódicas
074951 10621 Periódicas
077739 10621 Periódicas
078479 10621 Periódicas
080298 10621 Periódicas
081387 10621 Periódicas
082042 10621 Periódicas
082759 10621 Periódicas
© CES, Consejo Económico y Social de España 2021